000 00309nam a2200109Ia 4500
008 200302s9999 xx 000 0 und d
100 _aBarbara Miller Lane
245 _aHousing and Dwelling Perspectives on Modern Domestic Architecure
260 _bRoutledge publishing Co.
260 _c2007
300 _a467 P.,
999 _c5892
_d5892